Das Unrecht der Strafvereitelung (§ 258 StGB)
| Main Author: | |
|---|---|
| Format: | Print Book |
| Language: | German |
| Published: |
Berlin
Duncker & Humblot
1998
|
| In: |
Strafrechtliche Abhandlungen (N.F., 107)
Year: 1998 |
| Online Access: |
Contents Table of Contents Publisher information |
| Check availability: | HBZ Gateway |
| Subito Delivery Service: | Order now. |
| Keywords: |
MARC
| LEADER | 00000cam a2200000 c 4500 | ||
|---|---|---|---|
| 001 | 242942865 | ||
| 003 | DE-627 | ||
| 005 | 20260206202712.0 | ||
| 007 | tu | ||
| 008 | 980420s1998 gw ||||| m 00| ||ger c | ||
| 015 | |a 98,N18,0301 |2 dnb | ||
| 015 | |a 98,A27,0378 |2 dnb | ||
| 016 | 7 | |a 953376605 |2 DE-101 | |
| 020 | |a 3428093267 |9 3-428-09326-7 | ||
| 035 | |a (DE-627)242942865 | ||
| 035 | |a (DE-603)056852843 | ||
| 035 | |a (DE-576)065623827 | ||
| 035 | |a (DE-599)GBV242942865 | ||
| 035 | |a (OCoLC)243889422 | ||
| 035 | |a (OCoLC)40731021 | ||
| 035 | |a (DE-604)8118942824 | ||
| 040 | |a DE-627 |b ger |c DE-627 |e rakwb | ||
| 041 | |a ger | ||
| 044 | |c XA-DE | ||
| 084 | |a 19 |2 sdnb | ||
| 084 | |a PH 3960 |2 rvk |0 (DE-625)rvk/136099: | ||
| 084 | |a 86.35 |2 bkl | ||
| 090 | |a a | ||
| 100 | 1 | |a Günther, Uwe |4 aut | |
| 245 | 1 | 4 | |a Das Unrecht der Strafvereitelung (§ 258 StGB) |c von Uwe Günther |
| 264 | 1 | |a Berlin |b Duncker & Humblot |c 1998 | |
| 300 | |a 270 S. |c 24 cm | ||
| 336 | |a Text |b txt |2 rdacontent | ||
| 337 | |a ohne Hilfsmittel zu benutzen |b n |2 rdamedia | ||
| 338 | |a Band |b nc |2 rdacarrier | ||
| 490 | 1 | |a Strafrechtliche Abhandlungen |v N.F., 107 | |
| 502 | |a Zugl.: Marburg, Univ., Diss., 1996-1997 | ||
| 650 | 0 | 7 | |0 (DE-588)4183493-8 |0 (DE-627)105302295 |0 (DE-576)210018984 |a Strafvereitelung |2 gnd |
| 650 | 0 | 7 | |0 (DE-588)4059107-4 |0 (DE-627)104791403 |0 (DE-576)209129476 |a Tatbestand |2 gnd |
| 655 | 7 | |a Hochschulschrift |0 (DE-588)4113937-9 |0 (DE-627)105825778 |0 (DE-576)209480580 |2 gnd-content | |
| 689 | 0 | 0 | |d s |0 (DE-588)4183493-8 |0 (DE-627)105302295 |0 (DE-576)210018984 |a Strafvereitelung |2 gnd |
| 689 | 0 | 1 | |d s |0 (DE-588)4059107-4 |0 (DE-627)104791403 |0 (DE-576)209129476 |a Tatbestand |2 gnd |
| 689 | 0 | |5 DE-101 | |
| 751 | |a Marburg |0 (DE-588)4037446-4 |0 (DE-627)106237454 |0 (DE-576)209024305 |4 uvp | ||
| 830 | 0 | |a Strafrechtliche Abhandlungen |v N.F., 107 |9 NF,107 |w (DE-627)130113891 |w (DE-576)015644383 |w (DE-600)504194-6 |x 0720-7271 |7 am | |
| 856 | 4 | 2 | |u https://swbplus.bsz-bw.de/bsz065623827vlg.htm |m V:DE-576 |v 2006-08-08 |3 Inhaltstext |7 1 |
| 856 | 4 | 2 | |u https://www.gbv.de/dms/spk/sbb/toc/272332925.pdf |m V:DE-601 |m B:DE-1 |q pdf/application |3 Inhaltsverzeichnis |7 1 |
| 856 | 4 | 2 | |u https://scans.hebis.de/HEBCGI/show.pl?05685284_vlg.html |m V:DE-576 |q text/html |3 Verlagsinformation |7 1 |
| 889 | |w (DE-627)272332925 | ||
| 935 | |i sf | ||
| 935 | |i Blocktest | ||
| 936 | r | v | |a PH 3960 |b Begünstigung, Strafvereitelung, Hehlerei, Geldwäsche |k Rechtswissenschaft |k Strafrecht, Strafverfahrensrecht, Kriminologie |k Strafrecht |k Anschlussstraftaten |k Begünstigung, Strafvereitelung, Hehlerei, Geldwäsche |0 (DE-627)1271739844 |0 (DE-625)rvk/136099: |0 (DE-576)201739844 |
| 936 | b | k | |a 86.35 |j Strafrecht: Besonderer Teil |0 (DE-627)106416731 |
| 936 | s | n | |a p100 |2 mzub |
| 951 | |a BO | ||
| ELC | |b 1 | ||
| LOK | |0 000 xxxxxcx a22 zn 4500 | ||
| LOK | |0 001 3245489145 | ||
| LOK | |0 003 DE-627 | ||
| LOK | |0 004 242942865 | ||
| LOK | |0 005 20151116135731 | ||
| LOK | |0 008 150728||||||||||||||||ger||||||| | ||
| LOK | |0 035 |a (DE-21-110)kd58201 | ||
| LOK | |0 040 |a DE-21-110 |c DE-627 |d DE-21-110 | ||
| LOK | |0 689 |a s |a Strafvereitelung | ||
| LOK | |0 852 |z Kein Bestand am IfK; Nachweis für KrimDok | ||
| LOK | |0 852 |a DE-21-110 | ||
| LOK | |0 852 1 |9 00 | ||
| LOK | |0 935 |a k110 | ||
| LOK | |0 939 |a 28-07-15 |b l01 | ||
| ORI | |a SA-MARC-krimdoka001.raw | ||
